Actas de la Conferencia de las Naciones Unidas sobre Comercio y Desarrollo (Record no. 20699)

MARC details
000 -LEADER
campo de control de longitud fija 00624nam a2200181 i 4500
001 - NÚMERO DE CONTROL
campo de control 20699
003 - IDENTIFICADOR DE NÚMERO DE CONTROL
campo de control ES-MaACL
005 - FECHA Y HORA DE LA ÚLTIMA TRANSACCIÓN
campo de control 20230906152339.0
007 - CAMPO FIJO DE DESCRIPCIÓN FÍSICA--INFORMACIÓN GENERAL
campo de control de longitud fija t|
008 - DATOS DE LONGITUD FIJA--INFORMACIÓN GENERAL
campo de control de longitud fija 021115s1965 ag ||||1| spa d
245 00 - MENCIÓN DEL TÍTULO
Título Actas de la Conferencia de las Naciones Unidas sobre Comercio y Desarrollo
Resto del título : Ginebra, 23 marzo-16 junio 1964.
260 ## - PUBLICACIÓN, DISTRIBUCIÓN, ETC.
Lugar de publicación, distribución, etc. Buenos Aires ;
-- [Bilbao :
Nombre del editor, distribuidor, etc. Sudamericana :
-- Grijelmo,
Fecha de publicación, distribución, etc. 1965]
300 ## - DESCRIPCIÓN FÍSICA
Extensión VI, 248 p. ;
Dimensiones 28 cm.
505 8# - NOTA DE CONTENIDO CON FORMATO
Nota de contenido con formato Contiene: V. IV. Congreso de Manufacturas
710 2# - ENTRADA AGREGADA--NOMBRE DE ENTIDAD CORPORATIVA
Nombre de entidad corporativa o nombre de jurisdicción como elemento de entrada Naciones Unidas.
9 (RLIN) 5955
711 2# - ENTRADA AGREGADA--NOMBRE DE REUNIÓN
Nombre de congreso/reunión o jurisdicción como elemento de entrada Congreso de Manufacturas.
9 (RLIN) 330
852 ## - LOCALIZACIÓN
Ubicación ES-MaACL
Número de control de estantería C-29821
Sublocalización o colección R.58241
Holdings
Estatus retirado Estado de pérdida Estado de daño No para préstamo Biblioteca de origen Biblioteca actual Ubicación en estantería Fecha de adquisición Fuente de adquisición Total de préstamos Signatura topográfica completa Código de barras Visto por última vez Precio de reemplazo Tipo de ítem Koha
        Biblioteca del Ateneo de Madrid Biblioteca del Ateneo de Madrid Depósito 2 17/01/2008     C-29821 1021252 23/02/2023 23/02/2023 Libro impreso